000 00550nam a2200193 a 4500
005 20250115063754.0
008 991125s1975 es 000 0 spa u
035 _aUPN01000039966
049 _aCG
050 4 _aNC997 A6
_bW3.48
245 0 0 _aModos de ver /
_cJohn Berger ... [et al.] ; tr. Justo G. Beramendi.
260 _aBarcelona, Esp. :
_bG. Gili,
_c1975.
300 _a177 p.
440 0 _aComunicación visual
650 4 _aArte comercial
_92449
650 2 _aPercepción visual
_9631
700 1 _aBerger, John,
_ecoaut.
905 _aLibro
999 _c39966
_d39966